000 nam a22 a 4500
999 _c160167
_d160167
003 BLK
005 20201028104620.0
008 180410b bul|||||r ||||||| ||bul||
010 _aKNG00167369000
040 _aBLK
041 _aFRE
_cFRE
072 7 _2bullib
_aЦ
_xРедки и ценни
080 _aРелигия и наука. Теология и философия. Знание и вяра. Конфликт между църквата и науката Вж и 001;1;291. 1;234; 239
_b215
_z215
100 1 _aDraper, John William
_eпърви автор
_9334787
139 _aDraper, John William
245 1 0 _aLes Conflits de la science et de la religion
_cJohn William Draper.
257 _aUSA
260 _bGermer Bailliere
_c1875
_aParis
300 _aХІІ, 266 с.
_c21 см
380 _a2
490 1 _aBibliotheque socialiste internationale
_vХІ
490 _aКолекция Редки и ценни издания
_9435080
500 _aСъдържа : Catalogue des livres de fonds № 2 Ouvrages historiques et philosophiques, Juillet 1875
650 4 _aНаука и религия
_9250298
653 _aрелигиозни проблеми
653 _aнаучно познание
659 _aЦ
852 _aРф 875
_bРц
856 4 _qpdf
942 _cKNG
_n0
_s1
944 _aCR
_c18.11.2014
_kНаталия_Медовщикова
944 _aED
_c18.11.2014
_kНаталия_Медовщикова
999 _d160167